000 01904nam a2200301 4500
003 EC-UNACH
005 20251029124811.0
006 s||||gr|||| 00| 00
008 150116t9999 mx r gr 000 0 spa d
020 _a978-9978-67-418-5
040 _aEC-UNACH
_cEC-UNACH
041 _aspa
082 0 4 _223
_a302.2
_bL017931
110 _aFlacso
245 _aReflexiones sobre los limites de desarrollo
250 _aPrimera edición
264 _aEcuador
_bFlacso
_c2014
300 _a177
505 _aIntroducción : ambiente y desarrollo : contribuciones desde el territoria / Pabel Muñoz L Reflexiones sobre los límites del desarrollo en el marco del Sexto Congreso Iberoamericano sobre Desarrollo y Ambiente, FLACSO-Sede Ecuador / María Cristina Vallejo Consenso de los commodities y lenguajes de valoración en América Latina / Maristella Svampa O que as recentes manifestações populares no Brasil nos dizem sobre políticas sociais, meio ambiente e bem-estar / Paulo Gonzaga Mibielli de Carvalho, Frederico Cavadas Barcellos, Antonio Elder de Oliveira Tavares Decisiones deliberativas bajo un enfoque multicriterial para Latinoamérica / Bernardo Aguilar González "Buen vivir" : biopolítica o alternativa? / David Cortez Racionalidades campesinas y procesos de desarrollo sostenible : posibilidades de una nueva relación sociedad-naturaleza / Olga Lucía Cadena Durán Economía ecológica y ecología política en el ámbito de la educación ambiental / David Pérez Neira, Xavier Simón Fernández, Marta Soler Montiel, Sandra Ferrante
650 _aAmbiente y desarrollo
650 _aReflexiones sobre los limites
650 _aConsenso de los commodities y lenguajes
700 _aMaría Cristina Vallejo y Mateo Aguado Caso
942 _2ddc
_c1
999 _c14112